Comparative study of fixation of proximal humerus fracture by plate versus by plate with long head of biceps tenodesis / (رقم التسجيلة. 67574)

تفاصيل مارك
000 -LEADER
fixed length control field 02212cam a2200349 a 4500
003 - CONTROL NUMBER IDENTIFIER
control field EG-GiCUC
005 - DATE AND TIME OF LATEST TRANSACTION
control field 20250223032046.0
008 - FIXED-LENGTH DATA ELEMENTS--GENERAL INFORMATION
fixed length control field 180920s2018 ua dh f m 000 0 eng d
040 ## - CATALOGING SOURCE
Original cataloging agency EG-GiCUC
Language of cataloging eng
Transcribing agency EG-GiCUC
041 0# - LANGUAGE CODE
Language code of text/sound track or separate title eng
049 ## - LOCAL HOLDINGS (OCLC)
Holding library Deposite
097 ## - Thesis Degree
Thesis Level Ph.D
099 ## - LOCAL FREE-TEXT CALL NUMBER (OCLC)
Classification number Cai01.11.25.Ph.D.2018.Sh.C
100 0# - MAIN ENTRY--PERSONAL NAME
Personal name Shawkat Ghazal Hafez Hassan
245 10 - TITLE STATEMENT
Title Comparative study of fixation of proximal humerus fracture by plate versus by plate with long head of biceps tenodesis /
Statement of responsibility, etc. Shawkat Ghazal Hafez Hassan ; Supervised Hazem Mohamed Aboulelfadl , Ashraf Moharram , Walid Reda Mohamed
246 15 - VARYING FORM OF TITLE
Title proper/short title دراسة مقارنة تثبيت كسر اعلى عظمة العضد بشريحة مقارنة بتثبيتها بشريحة مع نقل الراس الطويلة للعضلة القابضة للمرفق
260 ## - PUBLICATION, DISTRIBUTION, ETC.
Place of publication, distribution, etc. Cairo :
Name of publisher, distributor, etc. Shawkat Ghazal Hafez Hassan ,
Date of publication, distribution, etc. 2018
300 ## - PHYSICAL DESCRIPTION
Extent 104 P. :
Other physical details charts , facsimiles ;
Dimensions 25cm
502 ## - DISSERTATION NOTE
Dissertation note Thesis (Ph.D.) - Cairo University - Faculty of Medicine - Department of Orthopaedic Surgery
520 ## - SUMMARY, ETC.
Summary, etc. In this study all 20 shoulders were treated with this biceps tenodesis with fixation have very good results, patient satisfaction is encouraging to continue this method of treatment. It is less complications and earl The average follow up period was 16months, the longer period of follow up allows good rehabilitation and better function of the shoulder joint and give good period to do comparison between the two groups of this study recovery of the patient activity day living, The average follow up period was 16months, the longer period of follow up allows good rehabilitation and better function of the shoulder joint and give good period to do comparison between the two groups of this study
530 ## - ADDITIONAL PHYSICAL FORM AVAILABLE NOTE
Additional physical form available note Issued also as CD
653 #4 - INDEX TERM--UNCONTROLLED
Uncontrolled term Biceps tenodesis
653 #4 - INDEX TERM--UNCONTROLLED
Uncontrolled term Fixation humerus fracture
653 #4 - INDEX TERM--UNCONTROLLED
Uncontrolled term Fixation of proximal humerus fracture
700 0# - ADDED ENTRY--PERSONAL NAME
Personal name Ashraf Moharram ,
Relator term
700 0# - ADDED ENTRY--PERSONAL NAME
Personal name Hazem Mohamed Aboulelfadl ,
Relator term
700 0# - ADDED ENTRY--PERSONAL NAME
Personal name Walid Reda Mohamed ,
Relator term
856 ## - ELECTRONIC LOCATION AND ACCESS
Uniform Resource Identifier <a href="http://172.23.153.220/th.pdf">http://172.23.153.220/th.pdf</a>
905 ## - LOCAL DATA ELEMENT E, LDE (RLIN)
Cataloger Nazla
Reviser Revisor
905 ## - LOCAL DATA ELEMENT E, LDE (RLIN)
Cataloger Shimaa
Reviser Cataloger
942 ## - ADDED ENTRY ELEMENTS (KOHA)
Source of classification or shelving scheme Dewey Decimal Classification
Koha item type Thesis
المقتنيات
Source of classification or shelving scheme Not for loan Home library Current library Date acquired Full call number Barcode Date last seen Koha item type Copy number
Dewey Decimal Classification   المكتبة المركزبة الجديدة - جامعة القاهرة قاعة الرسائل الجامعية - الدور الاول 11.02.2024 Cai01.11.25.Ph.D.2018.Sh.C 01010110075873000 22.09.2023 Thesis  
Dewey Decimal Classification   المكتبة المركزبة الجديدة - جامعة القاهرة مخـــزن الرســائل الجـــامعية - البدروم 11.02.2024 Cai01.11.25.Ph.D.2018.Sh.C 01020110075873000 22.09.2023 CD - Rom 75873.CD
Cairo University Libraries Portal Implemented & Customized by: Eng. M. Mohamady Contacts: new-lib@cl.cu.edu.eg | cnul@cl.cu.edu.eg
CUCL logo CNUL logo
© All rights reserved — Cairo University Libraries
CUCL logo
Implemented & Customized by: Eng. M. Mohamady Contact: new-lib@cl.cu.edu.eg © All rights reserved — New Central Library
CNUL logo
Implemented & Customized by: Eng. M. Mohamady Contact: cnul@cl.cu.edu.eg © All rights reserved — Cairo National University Library